| 000 | 00746nam a2200217Ia 4500 | ||
|---|---|---|---|
| 003 | GCL | ||
| 008 | 140319s9999 xx 000 0 ara d | ||
| 020 | _a7928208977 | ||
| 040 |
_aGCL / _cGCL |
||
| 082 | 0 | 4 |
_aق _b953.084 _bا س |
| 100 | 1 | _aايمان عمر شكرى | |
| 245 | 1 | 0 |
_aالسلطان برقوق مؤسس دولة المماليك الجراكسة / _cايمان عمر شكرى |
| 250 | _aالاولى | ||
| 260 |
_aالقاهرة : _bمكتبة مدبولى ، _c2002 |
||
| 300 |
_a612 ص ؛ _c24 سم |
||
| 490 |
_aصفحات من تاريخ مصر _v55 |
||
| 650 | 0 | 4 | _aالمماليك |
| 650 | 0 | 4 | _aمصر - تاريخ - عصر المماليك ( 1250-1517 م ) |
| 650 | 0 | 4 | _aالسلطان برقوق |
| 942 |
_2ddc _cBK |
||
| 999 |
_c6422 _d6422 |
||